[Event "Sparkassen-Open A"]
[Site "Heusenstamm, Martinsee"]
[Date "2024.11.23"]
[Round "5.1"]
[White "Grigoryan, Karen H."]
[Black "Peng, Li Min"]
[Result "1/2-1/2"]
[WhiteElo "2603"]
[BlackElo "2516"]
[PlyCount "113"]
[EventDate "2024.11.21"]
[WhiteTeam "Yerevan"]
[BlackTeam "Sfr. Wolfhagen e. V."]

1. c4 Nf6 2. Nc3 e6 3. Nf3 d5 4. d4 c5 5. cxd5 cxd4 6. Qxd4 exd5 7. Bg5 Be7 8. e3 O-O 9. Be2 h6 10. Bxf6 Bxf6 11. Qd2 Nc6 12. Rd1 Qa5 13. Nxd5 Bxb2 14. Ne7+ Kh8 15. Nxc6 Qa3 16. O-O bxc6 17. Bc4 Bf5 18. Qe2 Rab8 19. Nh4 Be4 20. g3 Bf6 21. Ng2 Rb2 22. Qg4 Bxg2 23. Kxg2 Qxe3 24. Rd7 Be7 25. Kh3 Qc5 26. Qe4 Rb4 27. Rc1 Qh5+ 28. Kg2 Bc5 29. Rc2 Qg6 30. Qe2 Qf6 31. Bb3 Bb6 32. Qe7 Qxe7 33. Rxe7 f5 34. Rxc6 f4 35. Rg6 Bd4 36. f3 fxg3 37. hxg3 Rbb8 38. Rg4 Rbd8 39. Bf7 Bc5 40. Rb7 Rb8 41. Rxb8 Rxb8 42. Rc4 Rf8 43. Bg6 Rf6 44. Be4 Bd6 45. Rc8+ Rf8 46. Rc6 Rd8 47. Kh3 Kg8 48. Kg4 Kf7 49. f4 Ke7 50. Bf5 g5 51. Bg6 gxf4 52. gxf4 Rb8 53. f5 Rb6 54. Rc8 Kf6 55. Rc2 Rb1 56. Rc6 Rb6 57. Rxb6 1/2-1/2

[Event "Sparkassen-Open A"]
[Site "Heusenstamm, Martinsee"]
[Date "2024.11.23"]
[Round "5.2"]
[White "Noe, Christopher"]
[Black "Sivuk, Vitaly"]
[Result "1/2-1/2"]
[WhiteElo "2510"]
[BlackElo "2502"]
[PlyCount "25"]
[EventDate "2024.11.21"]
[WhiteTeam "SC Eppingen"]
[BlackTeam "Sfr. Wolfhagen e. V."]

1. d4 Nf6 2. c4 e6 3. Nc3 Bb4 4. Qb3 c5 5. dxc5 Nc6 6. Nf3 Ne4 7. Bd2 Nxd2 8. Nxd2 O-O 9. g3 Bxc5 10. Bg2 b6 11. O-O Bb7 12. Qc2 Rc8 13. Rfd1 1/2-1/2

[Event "Sparkassen-Open A"]
[Site "Heusenstamm, Martinsee"]
[Date "2024.11.23"]
[Round "5.3"]
[White "Köllner, Ruben Gideon"]
[Black "Nothnagel, Marian Can"]
[Result "1/2-1/2"]
[WhiteElo "2484"]
[BlackElo "2416"]
[PlyCount "57"]
[EventDate "2024.11.21"]
[WhiteTeam "SF Deizisau"]
[BlackTeam "SK Bickenbach"]

1. d4 Nf6 2. Nf3 g6 3. Nbd2 Bg7 4. e4 O-O 5. c3 d6 6. Bc4 Nc6 7. O-O e5 8. dxe5 Nxe5 9. Nxe5 dxe5 10. Qe2 Bh6 11. a4 Nh5 12. g3 Bh3 13. Rd1 Qe7 14. Nf3 Bxc1 15. Raxc1 a5 16. Rd5 Bg4 17. Qe3 Bxf3 18. Qxf3 Nf6 19. Rd3 Rfd8 20. Rcd1 Rxd3 21. Qxd3 Kg7 22. Kg2 h5 23. h4 Qc5 24. f3 Re8 25. Bb3 Re7 26. Qd8 Re8 27. Qd3 Re7 28. Qc4 Qe3 29. Qd3 1/2-1/2

[Event "Sparkassen-Open A"]
[Site "Heusenstamm, Martinsee"]
[Date "2024.11.23"]
[Round "5.4"]
[White "Poetsch, Hagen"]
[Black "Glöckler, Christian"]
[Result "1/2-1/2"]
[WhiteElo "2502"]
[BlackElo "2266"]
[PlyCount "53"]
[EventDate "2024.11.21"]
[WhiteTeam "SC Heusenstamm"]
[BlackTeam "Wiesbadener SV 1885"]

1. e4 c5 2. Nf3 d6 3. d4 cxd4 4. Nxd4 Nf6 5. Nc3 a6 6. Qd3 Nbd7 7. Be2 b5 8. Nd5 Bb7 9. a4 bxa4 10. Nxf6+ gxf6 11. Ne6 Qb6 12. Be3 Qa5+ 13. Bd2 Qb6 14. Rxa4 Ne5 15. Qd4 Qxd4 16. Nxd4 Rg8 17. f4 Nd7 18. Nb3 f5 19. exf5 Rxg2 20. Rf1 Bg7 21. Rb4 Bd5 22. c4 a5 23. Ra4 Bc6 24. Rxa5 Rb8 25. Bf3 Bxf3 26. Rxf3 Bxb2 27. Rh3 1/2-1/2

[Event "Sparkassen-Open A"]
[Site "Heusenstamm, Martinsee"]
[Date "2024.11.23"]
[Round "5.5"]
[White "Milov, Leonid"]
[Black "Marcziter, Dmitrii"]
[Result "1/2-1/2"]
[WhiteElo "2427"]
[BlackElo "2187"]
[PlyCount "58"]
[EventDate "2024.11.21"]
[WhiteTeam "SC Noris-Tarrasch Nürnberg 1873"]
[BlackTeam "Schachgemeinschaft Porz e. V."]

1. c4 c5 2. Nf3 Nf6 3. Nc3 Nc6 4. d4 cxd4 5. Nxd4 Qb6 6. Nb3 g6 7. e4 Bg7 8. Be3 Qd8 9. Be2 O-O 10. O-O d6 11. Nd4 Bd7 12. h3 Nxd4 13. Bxd4 Bc6 14. Qc2 a6 15. b4 Rc8 16. Rfd1 Qc7 17. Rac1 Qb8 18. Qb1 b5 19. Nd5 Bxd5 20. exd5 bxc4 21. Bxc4 Qb7 22. Qb2 Rb8 23. a3 Rfc8 24. Qe2 Ra8 25. Qe3 Rc7 26. Bb6 Bh6 27. Qxh6 Qxb6 28. Qf4 Rac8 29. Bf1 a5 1/2-1/2

[Event "Sparkassen-Open A"]
[Site "Heusenstamm, Martinsee"]
[Date "2024.11.23"]
[Round "5.7"]
[White "Ohler, Julius"]
[Black "Hinrichs, Paul"]
[Result "1/2-1/2"]
[WhiteElo "2231"]
[BlackElo "2286"]
[PlyCount "34"]
[EventDate "2024.11.21"]
[WhiteTeam "SC ML Kastellaun"]
[BlackTeam "Sfr.Heidesheim"]

1. c4 Nf6 2. g3 c6 3. Nf3 d5 4. Bg2 Bf5 5. Qb3 Qb6 6. d3 e6 7. Be3 Qb4+ 8. Nbd2 Nbd7 9. Bd4 Bd6 10. Nh4 dxc4 11. Qxc4 Bg4 12. h3 Bh5 13. a3 Qxc4 14. Nxc4 Bc7 15. g4 Bg6 16. O-O e5 17. Bc3 Nd5 1/2-1/2

[Event "Sparkassen-Open A"]
[Site "Heusenstamm, Martinsee"]
[Date "2024.11.23"]
[Round "5.8"]
[White "Baranyai-Molnar, Adam-Kristof"]
[Black "Engel, Bruno"]
[Result "1-0"]
[WhiteElo "2238"]
[BlackElo "2242"]
[PlyCount "71"]
[EventDate "2024.11.21"]
[WhiteTeam "SF Neuberg"]
[BlackTeam "Lübecker SV von 1873"]

1. f4 Nh6 2. e4 d5 3. exd5 Qxd5 4. Nc3 Qd6 5. Nf3 c6 6. d4 Bg4 7. Bd3 e6 8. Ne4 Qc7 9. O-O Nf5 10. c3 Nd6 11. Qc2 Nxe4 12. Bxe4 g6 13. Bd2 Bxf3 14. Bxf3 Nd7 15. Rae1 O-O-O 16. b4 Nb6 17. Rb1 h5 18. a4 Nd5 19. Kh1 h4 20. b5 c5 21. c4 cxd4 22. Rfc1 Ne3 23. Bxe3 dxe3 24. c5 Qxf4 25. b6 a6 26. Qc3 Bg7 27. Bxb7+ Kb8 28. Qxg7 e2 29. Qc3 h3 30. g3 Qf5 31. Qf3 Rd2 32. Qxf5 exf5 33. Bf3 Re8 34. c6 Rc2 35. c7+ Kc8 36. b7+ 1-0

[Event "Sparkassen-Open A"]
[Site "Heusenstamm, Martinsee"]
[Date "2024.11.23"]
[Round "5.9"]
[White "Krastev, Alexander"]
[Black "Petersen, Henrik"]
[Result "1-0"]
[WhiteElo "2425"]
[BlackElo "2194"]
[PlyCount "61"]
[EventDate "2024.11.21"]
[WhiteTeam "Schachgesellschaft Solingen e. V"]
[BlackTeam "SV 03/25 Koblenz"]

1. e4 c6 2. Nf3 d5 3. d3 dxe4 4. dxe4 Qxd1+ 5. Kxd1 Nf6 6. Nfd2 Ng4 7. Ke1 e5 8. Nb3 a5 9. a4 Bb4+ 10. N1d2 Nd7 11. c3 Be7 12. Nc4 Nc5 13. Nbxa5 Nxe4 14. f3 Nef2 15. Rg1 Bc5 16. b4 Ba7 17. Be2 Nd3+ 18. Bxd3 Bxg1 19. fxg4 O-O 20. h3 b5 21. axb5 cxb5 22. Nd6 Rd8 23. Be4 Ra7 24. Nxb5 Rad7 25. Nb3 Rd1+ 26. Ke2 Be6 27. N3d4 Bxd4 28. Nxd4 Rxc1 29. Nxe6 Rxa1 30. Nxd8 Rc1 31. Kd2 1-0

[Event "Sparkassen-Open A"]
[Site "Heusenstamm, Martinsee"]
[Date "2024.11.23"]
[Round "5.10"]
[White "Musiienko, Tymur"]
[Black "Dgebuadze, Alexandre"]
[Result "0-1"]
[WhiteElo "2141"]
[BlackElo "2408"]
[PlyCount "74"]
[EventDate "2024.11.21"]
[WhiteTeam "Wiesbadener SV 1885"]
[BlackTeam "SC Remagen-Sinzig e.V."]

1. e4 e6 2. d4 d5 3. Nd2 Ne7 4. Ngf3 Nd7 5. Bd3 g6 6. h4 h6 7. c3 Bg7 8. O-O c5 9. Re1 O-O 10. e5 Nf5 11. g3 Qb6 12. dxc5 Nxc5 13. Bc2 f6 14. exf6 Rxf6 15. Kg2 a5 16. Nf1 Bd7 17. Ne3 Ne4 18. Ng4 Rf7 19. Rxe4 dxe4 20. Bxe4 Bc6 21. Qe2 h5 22. Ngh2 Raf8 23. Bxc6 Qxc6 24. Bg5 e5 25. Re1 Nd6 26. Be3 Nc4 27. Bg5 b5 28. Bc1 Nd6 29. Be3 Rf5 30. Rd1 Nc4 31. Re1 e4 32. Ng5 Nxe3+ 33. Qxe3 Bh6 34. Re2 Bxg5 35. hxg5 Rf3 36. Qd4 e3 37. Nxf3 Qxf3+ 0-1

[Event "Sparkassen-Open A"]
[Site "Heusenstamm, Martinsee"]
[Date "2024.11.23"]
[Round "5.11"]
[White "Dordevic, Tom"]
[Black "Bagrationi, Alexander"]
[Result "0-1"]
[WhiteElo "2123"]
[BlackElo "2391"]
[PlyCount "94"]
[EventDate "2024.11.21"]
[WhiteTeam "SV Mülheim-Nord 1931 e"]
[BlackTeam "SV Hemer 1932 e. V."]

1. d4 Nf6 2. c4 b6 3. Nf3 Bb7 4. g3 e6 5. Bg2 Be7 6. O-O d5 7. Ne5 O-O 8. Nc3 c6 9. Qc2 Nbd7 10. Nxd7 Qxd7 11. Rd1 dxc4 12. Bg5 b5 13. b3 cxb3 14. axb3 a6 15. e4 h6 16. Bxf6 Bxf6 17. e5 Be7 18. Ne4 Qc7 19. Qc3 c5 20. Nxc5 Bxg2 21. Kxg2 a5 22. Kg1 Rfc8 23. Qe3 Qc6 24. Ra2 Qd5 25. Rda1 Bxc5 26. dxc5 Rxc5 27. b4 Rc4 28. Rxa5 Rac8 29. Re1 Rxb4 30. Raa1 Rd4 31. Qa3 b4 32. Qa6 Rb8 33. Qa7 Rb7 34. Qa8+ Kh7 35. Qc8 b3 36. Qc3 Rd3 37. Qb2 g6 38. Ra8 Rd2 39. Qa3 Qd4 40. Rf1 Ra2 41. Qf8 Rxa8 42. Qxa8 Ra7 43. Qf3 b2 44. Kg2 Qxe5 45. Rb1 Kg7 46. h4 Rc7 47. Rd1 Rc1 0-1

[Event "Sparkassen-Open A"]
[Site "Heusenstamm, Martinsee"]
[Date "2024.11.23"]
[Round "5.12"]
[White "Stork, Oliver"]
[Black "Stork, Christopher"]
[Result "1-0"]
[WhiteElo "2366"]
[BlackElo "2079"]
[PlyCount "113"]
[EventDate "2024.11.21"]
[WhiteTeam "Klub Kölner Schachfreunde e. V."]
[BlackTeam "SV Oberursel"]

1. e4 c5 2. g3 d5 3. exd5 Qxd5 4. Nf3 Nc6 5. Bg2 Nf6 6. O-O Bg4 7. h3 Bxf3 8. Bxf3 Qd7 9. Bg2 e6 10. b3 Be7 11. Bb2 O-O 12. d3 Rac8 13. Nd2 Rfd8 14. Nf3 Nd5 15. Qd2 Bf6 16. c3 Qe7 17. Rfd1 Rd7 18. Rac1 Rcd8 19. Qe2 h6 20. h4 a6 21. a3 Rc7 22. Nh2 Na5 23. Qc2 b5 24. c4 Bxb2 25. Qxb2 Nf6 26. b4 Nc6 27. cxb5 axb5 28. Rxc5 Nd4 29. Rdc1 Rcd7 30. Rc8 Qf8 31. Rxd8 Qxd8 32. Rc5 Qe7 33. Nf3 Nxf3+ 34. Bxf3 Rxd3 35. Be2 Rd8 36. Bxb5 Ne4 37. Rc2 Qd6 38. Bf1 Qb6 39. Qe5 Nd2 40. Bg2 Qa6 41. Qf4 Qxa3 42. Rc7 Qa1+ 43. Kh2 Qf6 44. Qxf6 gxf6 45. Rc2 Nb1 46. b5 Rb8 47. Bf1 Rb7 48. Bd3 Kg7 49. Kg2 f5 50. Rc6 Nd2 51. b6 Nb3 52. Ba6 Rb8 53. b7 Na5 54. Rc7 Kf6 55. f4 e5 56. fxe5+ Ke6 57. Rc5 1-0

[Event "Sparkassen-Open A"]
[Site "Heusenstamm, Martinsee"]
[Date "2024.11.23"]
[Round "5.13"]
[White "Boder, Jan"]
[Black "Perske, Paul"]
[Result "1/2-1/2"]
[WhiteElo "2338"]
[BlackElo "2093"]
[PlyCount "179"]
[EventDate "2024.11.21"]
[WhiteTeam "SC ML Kastellaun"]
[BlackTeam "Sfr.Heidesheim"]

1. c4 g6 2. d4 Nf6 3. Nf3 Bg7 4. g3 c6 5. Bg2 d5 6. O-O O-O 7. Qb3 dxc4 8. Qxc4 Bf5 9. Nc3 Nbd7 10. Re1 Ne4 11. e3 Rc8 12. Nh4 Be6 13. Qa4 Nxc3 14. bxc3 a5 15. Qd1 Bc4 16. Nf3 e5 17. Nd2 Be6 18. Ba3 Re8 19. Ne4 Bf8 20. Bxf8 Rxf8 21. Rb1 Qc7 22. dxe5 Nxe5 23. Qd4 Nd7 24. a4 Bd5 25. Nd6 Qxd6 26. c4 Qc5 27. cxd5 Qxd4 28. exd4 Nf6 29. dxc6 bxc6 30. Re5 Rfd8 31. Rxa5 Rxd4 32. Ra6 Nd5 33. Rb7 Re8 34. Bxd5 cxd5 35. Raa7 Rf8 36. Rd7 Kg7 37. Ra5 Rc8 38. Kg2 h5 39. h4 Rd2 40. Raxd5 Rxd5 41. Rxd5 Rc3 42. Rd4 Ra3 43. Rf4 f6 44. Kf1 g5 45. hxg5 fxg5 46. Rb4 Ra2 47. Kg2 Ra3 48. Rb7+ Kg6 49. Ra7 h4 50. a5 hxg3 51. fxg3 g4 52. Ra8 Ra2+ 53. Kf1 Kg7 54. Ra7+ Kg6 55. a6 Ra3 56. Kf2 Rf3+ 57. Kg2 Ra3 58. Ra8 Kg7 59. a7 Ra2+ 60. Kf1 Kh7 61. Ke1 Kg7 62. Kd1 Kh7 63. Kc1 Kg7 64. Kb1 Ra4 65. Kb2 Kh7 66. Kb3 Ra1 67. Kb4 Rb1+ 68. Kc5 Rc1+ 69. Kd6 Ra1 70. Ke6 Kg7 71. Kf5 Ra4 72. Kg5 Kh7 73. Kf6 Ra1 74. Re8 Rxa7 75. Re7+ Rxe7 76. Kxe7 Kg7 77. Ke6 Kg6 78. Ke5 Kg5 79. Ke4 Kh5 80. Kf4 Kh6 81. Kxg4 Kg6 82. Kf4 Kf6 83. g4 Kg6 84. g5 Kg7 85. Kf5 Kf7 86. g6+ Kg7 87. Kg5 Kg8 88. Kh6 Kh8 89. g7+ Kg8 90. Kg6 1/2-1/2

[Event "Sparkassen-Open A"]
[Site "Heusenstamm, Martinsee"]
[Date "2024.11.23"]
[Round "5.14"]
[White "Tschernatsch, Johannes"]
[Black "Wenzel, Calvin"]
[Result "1/2-1/2"]
[WhiteElo "2329"]
[BlackElo "2058"]
[PlyCount "89"]
[EventDate "2024.11.21"]
[WhiteTeam "SV Babelsberg 03 e.V."]
[BlackTeam "SK 1980 Gernsheim"]

1. e4 e5 2. Nf3 Nc6 3. Bc4 Nf6 4. d3 h6 5. O-O d6 6. c3 g5 7. Re1 Bg7 8. d4 g4 9. dxe5 gxf3 10. exf6 Bxf6 11. Qxf3 Ne5 12. Qe2 Rg8 13. Nd2 Bh8 14. f4 Bg4 15. Qf2 Bh3 16. Bf1 Nc6 17. Kh1 Bd7 18. Nf3 Qf6 19. e5 dxe5 20. Nxe5 O-O-O 21. Nxd7 Rxd7 22. Be3 Kb8 23. Rac1 a6 24. b4 Ne7 25. b5 a5 26. b6 Nd5 27. bxc7+ Rxc7 28. Bd2 Nxc3 29. Re5 Rgc8 30. Rxa5 Qd4 31. Qxd4 Bxd4 32. Bxc3 Rxc3 33. Rxc3 Rxc3 34. g3 Bc5 35. Kg2 b6 36. Ra4 Ra3 37. Rxa3 Bxa3 38. Kf3 Kc7 39. Kg4 Kd7 40. Kh5 Bf8 41. Bc4 Ke7 42. g4 Kf6 43. h4 Kg7 44. f5 f6 45. Be6 1/2-1/2

[Event "Sparkassen-Open A"]
[Site "Heusenstamm, Martinsee"]
[Date "2024.11.23"]
[Round "5.15"]
[White "Longo, Massimo"]
[Black "Haack, Kevin"]
[Result "0-1"]
[WhiteElo "2058"]
[BlackElo "2304"]
[PlyCount "88"]
[EventDate "2024.11.21"]
[WhiteTeam "SK Gräfelfing"]
[BlackTeam "SV 1920 Hofheim"]

1. d4 Nf6 2. Nc3 e6 3. Bf4 Bb4 4. Qd3 O-O 5. a3 Bxc3+ 6. Qxc3 Nd5 7. Qg3 Nxf4 8. Qxf4 d6 9. Nf3 Nd7 10. e4 e5 11. Qe3 exd4 12. Qxd4 Nc5 13. O-O-O Bg4 14. e5 Bxf3 15. gxf3 Ne6 16. Qg4 d5 17. f4 f5 18. exf6 Qxf6 19. f5 Qh6+ 20. Kb1 Qf4 21. Bh3 Qxg4 22. Bxg4 Nf4 23. Rd4 g5 24. fxg6 hxg6 25. Re1 c5 26. Rdd1 Rae8 27. Bd7 Rxe1 28. Rxe1 Kf7 29. b4 Rd8 30. Bg4 c4 31. b5 Rh8 32. h3 Re8 33. Rxe8 Kxe8 34. Kb2 d4 35. a4 Ke7 36. Ka3 d3 37. Kb2 Kd6 38. cxd3 Nxd3+ 39. Kc3 Kc5 40. h4 Nxf2 41. Bf3 b6 42. h5 gxh5 43. Bxh5 Ne4+ 44. Kb2 Kb4 0-1

[Event "Sparkassen-Open A"]
[Site "Heusenstamm, Martinsee"]
[Date "2024.11.23"]
[Round "5.16"]
[White "Hirneise, Jens"]
[Black "Surányi, Pál"]
[Result "1/2-1/2"]
[WhiteElo "2315"]
[BlackElo "2033"]
[PlyCount "109"]
[EventDate "2024.11.21"]
[WhiteTeam "SC Böblingen 1975 e.V."]
[BlackTeam "SV 03/25 Koblenz"]

1. e4 c5 2. Nf3 d6 3. d4 cxd4 4. Nxd4 Nf6 5. Nc3 a6 6. Rg1 h5 7. h3 e5 8. Nb3 Be6 9. Bd2 a5 10. Bb5+ Nc6 11. Qf3 Be7 12. Bg5 Kf8 13. O-O-O Nd7 14. Bxe7+ Qxe7 15. Bxc6 bxc6 16. Qd3 Bxb3 17. cxb3 Rh6 18. Na4 Kg8 19. Kb1 Qd8 20. g4 h4 21. Qe3 Qc7 22. g5 Re6 23. Rg4 Rc8 24. Rxh4 d5 25. Qe2 g6 26. Rh6 d4 27. h4 c5 28. h5 c4 29. hxg6 fxg6 30. Qg4 Nf8 31. Qh3 cxb3 32. Rh8+ Kf7 33. Qxb3 Qc4 34. Qxc4 Rxc4 35. b3 Rcc6 36. Nb2 Rc3 37. Nd3 Kg7 38. Rh4 Rb6 39. f4 exf4 40. Nxf4 Rg3 41. Rxd4 Rxg5 42. Kb2 Rf6 43. Ka3 Rg1 44. e5 Rf5 45. Nd3 g5 46. Rhe4 Ne6 47. Rd6 Rd1 48. Rxe6 Rxd3 49. Rc6 Rd5 50. e6 Rfe5 51. Ra4 Kf6 52. Ra6 Rc5 53. Kb2 Re2+ 54. Ka3 Ree5 55. Kb2 1/2-1/2

[Event "Sparkassen-Open A"]
[Site "Heusenstamm, Martinsee"]
[Date "2024.11.23"]
[Round "5.17"]
[White "Rosenberger, Frank"]
[Black "Chassard, Cedric"]
[Result "0-1"]
[WhiteElo "2055"]
[BlackElo "2283"]
[PlyCount "152"]
[EventDate "2024.11.21"]
[WhiteTeam "SK 1980 Gernsheim"]
[BlackTeam "SV 1926 Riegelsberg"]

1. e4 c5 2. Nf3 d6 3. d4 cxd4 4. Nxd4 Nf6 5. Nc3 a6 6. a4 Nc6 7. Be2 g6 8. Be3 Bg7 9. O-O O-O 10. h3 Qc7 11. Nd5 Nxd5 12. exd5 Nxd4 13. Bxd4 Bxd4 14. Qxd4 Qxc2 15. Bc4 Qf5 16. Rae1 Re8 17. Bd3 Qg5 18. f4 Qh4 19. Qe3 Bd7 20. a5 Rac8 21. f5 Rc5 22. Rf4 Qh6 23. Qf3 Qg7 24. Rf1 Rf8 25. f6 exf6 26. Rxf6 Bf5 27. Rxf5 gxf5 28. Qxf5 Kh8 29. Be4 Re8 30. Bf3 f6 31. b4 Rc4 32. Qb1 Qg5 33. b5 Qe3+ 34. Kh1 axb5 35. Qxb5 Rc1 36. Qxe8+ Qxe8 37. Rxc1 Qb5 38. Rc7 f5 39. Kh2 Qb4 40. Rf7 Kg8 41. Rc7 h6 42. Kg3 Kf8 43. h4 Ke8 44. h5 Qb1 45. Kh2 Kd8 46. Rh7 Qb4 47. Kh3 Qe1 48. Rxb7 Qh1+ 49. Kg3 Qe1+ 50. Kh3 Qxa5 51. Rg7 Qd2 52. Rg6 Kc7 53. Kh2 Qf4+ 54. Kg1 Kb6 55. Re6 Kc5 56. Re2 Kd4 57. Re6 Kd3 58. Re8 Qg3 59. Re6 Qg5 60. Re1 Qh4 61. Re6 Qg5 62. Re1 Qf4 63. Re6 Qd4+ 64. Kh1 Qa4 65. Re2 Qd1+ 66. Kh2 Qxe2 67. Bxe2+ Kxe2 68. g4 fxg4 69. Kg3 Ke3 70. Kxg4 Ke4 71. Kg3 Kxd5 72. Kf4 Ke6 73. Ke4 Kf6 74. Kd5 Kg5 75. Kxd6 Kxh5 76. Ke5 Kg4 0-1

[Event "Sparkassen-Open A"]
[Site "Heusenstamm, Martinsee"]
[Date "2024.11.23"]
[Round "5.18"]
[White "Browning, Alex"]
[Black "Özdemir, Ali Özden"]
[Result "1/2-1/2"]
[WhiteElo "2253"]
[BlackElo "2043"]
[PlyCount "80"]
[EventDate "2024.11.21"]
[WhiteTeam "SG Porz e. V."]
[BlackTeam "SK Langen"]

1. Nf3 g6 2. c4 Bg7 3. Nc3 d6 4. g3 e5 5. d4 exd4 6. Nxd4 Nf6 7. Bg2 O-O 8. O-O Nbd7 9. b3 Nc5 10. Bb2 a5 11. Qc2 h5 12. h4 Ng4 13. Rad1 c6 14. Ne4 Nxe4 15. Bxe4 Qe7 16. Bg2 Re8 17. e4 Bd7 18. Rfe1 Red8 19. Ba3 Be8 20. c5 dxc5 21. Bxc5 Qc7 22. Nf3 Rxd1 23. Rxd1 Rd8 24. Rxd8 Qxd8 25. Qd2 Bf6 26. Bd6 Ne5 27. Nxe5 Bxe5 28. Bb4 Qxd2 29. Bxd2 Bc7 30. Bh3 f6 31. Be3 b6 32. Kf1 Kf7 33. Ke1 Ke7 34. Kd2 Bf7 35. Kc2 a4 36. Bf1 axb3+ 37. axb3 Be6 38. Bd3 Bf7 39. Be2 Be6 40. Bf1 Bd7 1/2-1/2

[Event "Sparkassen-Open A"]
[Site "Heusenstamm, Martinsee"]
[Date "2024.11.23"]
[Round "5.20"]
[White "Capelja, Christian"]
[Black "Neukirchner, Pascal"]
[Result "1-0"]
[WhiteElo "2023"]
[BlackElo "2255"]
[PlyCount "111"]
[EventDate "2024.11.21"]
[WhiteTeam "SpVgg Rommelshausen"]
[BlackTeam "Heilbronner SV"]

1. d4 Nf6 2. Nf3 g6 3. g3 Bg7 4. Bg2 O-O 5. O-O d6 6. c4 Nbd7 7. Nc3 e5 8. dxe5 dxe5 9. Qc2 c6 10. b3 Qe7 11. a4 Nc5 12. Ba3 Re8 13. Nd2 e4 14. Ndxe4 Nfxe4 15. Nxe4 Bxa1 16. Bxc5 Qe5 17. f4 Qg7 18. Qd1 Bb2 19. Nd6 Rd8 20. e4 Bf6 21. e5 Be7 22. Qe2 Qf8 23. Ba3 Rxd6 24. Bxd6 Bxd6 25. exd6 Qxd6 26. Rd1 Qc5+ 27. Qf2 Qxf2+ 28. Kxf2 Be6 29. a5 Rb8 30. Rd3 c5 31. Bd5 Bf5 32. Re3 Kf8 33. b4 cxb4 34. Rb3 Ke7 35. Rxb4 Be6 36. Ke3 Bxd5 37. cxd5 Kd6 38. Kd4 f5 39. Rb2 b6 40. Rc2 b5 41. Rc6+ Kd7 42. Ra6 Rb7 43. Kc3 b4+ 44. Kb3 Kd8 45. h4 Ke8 46. Re6+ Kd7 47. h5 gxh5 48. Rh6 Rb5 49. Rxh7+ Kd6 50. Rxa7 Kxd5 51. Re7 Rb8 52. Re5+ Kd6 53. Rxf5 h4 54. gxh4 Ke6 55. Re5+ Kf6 56. a6 1-0

[Event "Sparkassen-Open A"]
[Site "Heusenstamm, Martinsee"]
[Date "2024.11.23"]
[Round "5.21"]
[White "Lesny, Florian"]
[Black "Buchholz, Maja Patricia"]
[Result "1/2-1/2"]
[WhiteElo "2222"]
[BlackElo "1972"]
[PlyCount "51"]
[EventDate "2024.11.21"]
[WhiteTeam "Schachfreunde Hünstetten"]
[BlackTeam "Wiesbadener SV 1885"]

1. e4 e6 2. d4 d5 3. e5 c5 4. c3 Nc6 5. Nf3 Qb6 6. a3 c4 7. Nbd2 Na5 8. Rb1 Bd7 9. h4 O-O-O 10. b4 cxb3 11. Nxb3 Ba4 12. Nfd2 Ne7 13. Bd3 Nec6 14. Bc2 Qc7 15. Rh3 Be7 16. Kf1 h5 17. Kg1 f6 18. Nxa5 Bxc2 19. Qxc2 Nxa5 20. Qg6 Rdg8 21. Re3 Bd8 22. Qd3 f5 23. Rh3 g5 24. hxg5 Bxg5 25. Nf3 Bd8 26. Kh1 1/2-1/2

[Event "Sparkassen-Open A"]
[Site "Heusenstamm, Martinsee"]
[Date "2024.11.23"]
[Round "5.22"]
[White "Peter, Laurenz"]
[Black "Poysti, Nathanael"]
[Result "0-1"]
[WhiteElo "1879"]
[BlackElo "2187"]
[PlyCount "60"]
[EventDate "2024.11.21"]
[WhiteTeam "Sportgemeinschaft Kaarst 1912/35"]
[BlackTeam "ohne Verein"]

1. d4 Nf6 2. Nf3 e6 3. c4 a6 4. a4 d5 5. g3 dxc4 6. Bg2 Bb4+ 7. Bd2 c5 8. O-O Nc6 9. dxc5 Bxc5 10. Na3 O-O 11. Nxc4 Qe7 12. Qb3 e5 13. Be3 Be6 14. Nfd2 Bb4 15. Qc2 Nd4 16. Bxd4 exd4 17. Qd3 Rad8 18. Rac1 Rfe8 19. Nb3 Bg4 20. f3 Bh5 21. Nxd4 Rxd4 22. Qf5 Bg6 23. Qh3 Qxe2 24. Nb6 Qe6 25. Qxe6 fxe6 26. Kh1 Nd5 27. Nxd5 exd5 28. Rc7 Re7 29. Rc8+ Kf7 30. Bh3 Rd2 0-1

[Event "Sparkassen-Open A"]
[Site "Heusenstamm, Martinsee"]
[Date "2024.11.23"]
[Round "5.23"]
[White "Aravindhan, Achyuth"]
[Black "Werner, Rosalie"]
[Result "1-0"]
[WhiteElo "2156"]
[BlackElo "1904"]
[PlyCount "79"]
[EventDate "2024.11.21"]
[WhiteTeam "Club Zukertort"]
[BlackTeam "VSG 1880 Offenbach"]

1. e4 e6 2. d4 d5 3. Nd2 Nf6 4. e5 Nfd7 5. Bd3 c5 6. c3 Nc6 7. Ne2 cxd4 8. cxd4 f6 9. exf6 Nxf6 10. O-O Bd6 11. Nf3 O-O 12. Bf4 Bxf4 13. Nxf4 Ng4 14. Qd2 Qf6 15. Nh5 Qh6 16. Qxh6 Nxh6 17. Rac1 a6 18. Ng3 Nf7 19. Rfe1 Bd7 20. Ne2 g5 21. h3 Kg7 22. Ng3 Kh6 23. Rcd1 Nfd8 24. Nf1 Be8 25. Ne3 Bh5 26. Ng4+ Bxg4 27. hxg4 Rf4 28. Bb1 Rc8 29. Re3 Rc7 30. g3 Rf6 31. Kg2 Kg7 32. Nxg5 h6 33. Nh3 Na5 34. g5 hxg5 35. Nxg5 Rh6 36. Nh3 Rc4 37. Nf4 Nac6 38. Ne2 Nb4 39. a3 Nc2 40. Red3 1-0

[Event "Sparkassen-Open A"]
[Site "Heusenstamm, Martinsee"]
[Date "2024.11.23"]
[Round "5.24"]
[White "Griesfeller, Sven"]
[Black "Restorff, Felix"]
[Result "1/2-1/2"]
[WhiteElo "1818"]
[BlackElo "2151"]
[PlyCount "34"]
[EventDate "2024.11.21"]
[WhiteTeam "Schachdrachen Büdingen-Wächtersb"]
[BlackTeam "SV Blau-Weiß Concordia 07/24 Vie"]

1. e4 c6 2. d4 d5 3. f3 Qb6 4. Nc3 dxe4 5. Bc4 Nf6 6. Bb3 e3 7. Bxe3 Bf5 8. Nge2 e6 9. g4 Bg6 10. h4 h6 11. Qd2 Nd5 12. Nxd5 cxd5 13. Nf4 Bh7 14. g5 Bf5 15. Nh5 Bg6 16. Nf4 Bf5 17. Nh5 Bg6 1/2-1/2

[Event "Sparkassen-Open A"]
[Site "Heusenstamm, Martinsee"]
[Date "2024.11.23"]
[Round "5.25"]
[White "Hoppe, Thilo"]
[Black "Zargaran, Sepas"]
[Result "1/2-1/2"]
[WhiteElo "2127"]
[BlackElo "1777"]
[PlyCount "47"]
[EventDate "2024.11.21"]
[WhiteTeam "SC Bonn Beuel"]
[BlackTeam "VSG 1880 Offenbach"]

1. d4 Nf6 2. c4 g6 3. Nc3 Bg7 4. e4 d6 5. f3 O-O 6. Be3 c5 7. dxc5 dxc5 8. Qxd8 Rxd8 9. Bxc5 Nc6 10. Be3 Nb4 11. Rc1 Be6 12. b3 Nd3+ 13. Bxd3 Rxd3 14. Ke2 Rxc3 15. Rxc3 Nxe4 16. Rc2 Nc3+ 17. Ke1 Bf5 18. Rd2 Nb1 19. Rd1 Nc3 20. Rd2 Nb5 21. Rd1 Nc3 22. Rd2 Nb1 23. Rd5 Nc3 24. Rd2 1/2-1/2

[Event "Sparkassen-Open A"]
[Site "Heusenstamm, Martinsee"]
[Date "2024.11.23"]
[Round "5.26"]
[White "Smith, Bryan"]
[Black "Wuerl, Roland"]
[Result "1-0"]
[WhiteElo "2399"]
[BlackElo "2013"]
[PlyCount "51"]
[EventDate "2024.11.21"]
[WhiteTeam "TSV Poing"]
[BlackTeam "SC FK Babenhausen 1994"]

1. e4 c5 2. Nf3 d6 3. d4 cxd4 4. Nxd4 Nf6 5. Nc3 Nc6 6. Bg5 e6 7. Qd2 Bd7 8. Ndb5 Nb4 9. Qd1 a6 10. Bxf6 gxf6 11. a3 Nxc2+ 12. Qxc2 axb5 13. Bxb5 Bxb5 14. Nxb5 Qa5+ 15. Nc3 Qa6 16. Rd1 h5 17. Rd3 h4 18. h3 Rg8 19. O-O Be7 20. f4 Qb6+ 21. Kh1 Qc5 22. Qb3 Rb8 23. f5 Kd7 24. Na4 Qe5 25. Nb6+ Kd8 26. Qa4 1-0

[Event "Sparkassen-Open A"]
[Site "Heusenstamm, Martinsee"]
[Date "2024.11.23"]
[Round "5.27"]
[White "Weber, Samuel"]
[Black "Kuhn, Daniel"]
[Result "1-0"]
[WhiteElo "2260"]
[BlackElo "2011"]
[PlyCount "75"]
[EventDate "2024.11.21"]
[WhiteTeam "SV Oberursel"]
[BlackTeam "SK Landau"]

1. Nf3 d5 2. g3 Nf6 3. Bg2 c5 4. O-O Nc6 5. c4 e6 6. cxd5 exd5 7. d4 Be7 8. Nc3 O-O 9. Bg5 c4 10. e3 Be6 11. b3 Qa5 12. Ne2 Rfd8 13. Ne5 Rac8 14. Nf4 Bf5 15. g4 Be6 16. Qf3 h6 17. Bh4 Qc7 18. Nxc6 Qxc6 19. bxc4 Qxc4 20. Nh5 Qd3 21. Nxf6+ Bxf6 22. Bxf6 gxf6 23. Qxf6 Qg6 24. Qxg6+ fxg6 25. Rfc1 Kf7 26. Bf3 Ke7 27. h4 g5 28. hxg5 hxg5 29. Kg2 Kf6 30. Rh1 Kg6 31. Rac1 b5 32. Be2 b4 33. Bd3+ Kf6 34. Rh6+ Kf7 35. Rh7+ Kf6 36. Rch1 Bf7 37. R1h6+ Ke7 38. Bf5 1-0